|
|
|
|
| LEADER |
01584nam a2200373 i 4500 |
| 001 |
40058 |
| 003 |
BD-DhAAL |
| 008 |
221120t2017 bg a bs 000 0 eng d |
| 999 |
|
|
|c 45073
|d 45073
|
| 010 |
|
|
|a 2019347722
|
| 020 |
|
|
|a 9789843433978
|
| 025 |
|
|
|a B-E-2019347722 ; 22-91
|
| 037 |
|
|
|b Library of Congress -- New Delhi Overseas Office
|
| 040 |
|
|
|a DLC
|b eng
|e rda
|c DLC
|d DLC
|d BD-DhAAL
|
| 042 |
|
|
|a lcode
|a pcc
|
| 043 |
|
|
|a a-bg---
|
| 050 |
0 |
0 |
|a DS395.5
|b .S533 2017
|
| 082 |
|
|
|a 361.1095492
|2 23
|
| 100 |
1 |
|
|a Siddiqi, Bulbul,
|e author.
|9 52483
|
| 245 |
1 |
0 |
|a Society and public policy /
|c Bulbul Siddiqi, Cynthia McKinney, Jinat Hossain, Md. Saidur Rahman, Moushumi Shabnam.
|
| 264 |
|
1 |
|a Dhaka :
|b Public Policy & Governance Program, North South University,
|c 2017.
|
| 300 |
|
|
|a 188 pages :
|b illustrations (color) ;
|c 22 cm.
|
| 490 |
0 |
|
|a Research volume ;
|v 1
|
| 500 |
|
|
|a Includes statistical tables.
|
| 504 |
|
|
|a Includes bibliographical references.
|
| 541 |
|
|
|a Donated By Akbar Ali Khan
|e 40058
|
| 650 |
|
0 |
|a Social problems
|z Bangladesh.
|9 52484
|
| 651 |
|
0 |
|a Bangladesh
|x Politics and government
|y 1991-
|9 52485
|
| 651 |
|
0 |
|a Bangladesh
|x Social policy.
|9 52486
|
| 710 |
2 |
|
|a Master in Public Policy and Governance (MPPG) Program,
|e issuing body.
|9 52487
|
| 830 |
|
|
|a Research volume ;
|v 1
|9 52488
|
| 852 |
|
|
|a Ayesha Abed Library
|c Akbar Ali Khan Collection
|
| 942 |
|
|
|2 ddc
|c BK
|
| 952 |
|
|
|0 0
|1 0
|2 ddc
|4 0
|6 361_109549200000000_SID
|7 1
|9 72372
|a BRACUL
|b BRACUL
|c AAKC
|d 2022-11-20
|e Donated by Akbar Ali Khan
|g 350.00
|l 0
|o 361.1095492 SID
|p 3010040058
|r 2022-11-20
|t 1
|w 2022-11-20
|y BK
|